000 00325nam a22001337a 4500
008 181106b xxu||||| |||| 00| 0 eng d
020 _a9781457637315
041 _aeng
080 _211 TH
_a370
100 _a49
101 _aEDU
245 _aCollege Experience Strategies For Success
_cGardner.J,.N
942 _2udc
_cBK
999 _c51995
_d51995